Economics and contemporary issues / (Record no. 268)
[ view plain ]
| 000 -LEADER | |
|---|---|
| fixed length control field | 01810cam a22002894a 4500 |
| 001 - CONTROL NUMBER | |
| control field | 13047686 |
| 005 - DATE AND TIME OF LATEST TRANSACTION | |
| control field | 20210414113858.0 |
| 008 - FIXED-LENGTH DATA ELEMENTS--GENERAL INFORMATION | |
| fixed length control field | 030103s2004 ohua b 001 0 eng |
| 010 ## - LIBRARY OF CONGRESS CONTROL NUMBER | |
| LC control number | |
| 020 ## - INTERNATIONAL STANDARD BOOK NUMBER | |
| International Standard Book Number | 0324171935 |
| 040 ## - CATALOGING SOURCE | |
| Original cataloging agency | DLC |
| Transcribing agency | DLC |
| Modifying agency | DLC |
| 050 00 - LIBRARY OF CONGRESS CALL NUMBER | |
| Classification number | HB171.5.E358 |
| 100 1# - MAIN ENTRY--PERSONAL NAME | |
| Personal name | Edgmand, Michael R. |
| 245 10 - TITLE STATEMENT | |
| Title | Economics and contemporary issues / |
| Statement of responsibility, etc. | Michael R. Edgmand, Ronald L. Moomaw, Kent W. Olson. |
| 250 ## - EDITION STATEMENT | |
| Edition statement | 6th ed. |
| 260 ## - PUBLICATION, DISTRIBUTION, ETC. | |
| Place of publication, distribution, etc. | Australia: |
| Name of publisher, distributor, etc. | Thomson/South-Western, |
| Date of publication, distribution, etc. | c2004. |
| 300 ## - PHYSICAL DESCRIPTION | |
| Extent | xxiii, 479 p. : |
| Other physical details | ill. ; |
| Dimensions | 24 cm. |
| 500 ## - GENERAL NOTE | |
| General note | Instructional materials are available to supplement the text. |
| 504 ## - BIBLIOGRAPHY, ETC. NOTE | |
| Bibliography, etc. note | Includes bibliographical references and index. |
| 505 ## - FORMATTED CONTENTS NOTE | |
| Formatted contents note | Contents: Economic growth an introduction to scarcity and choice -- An Introduction to economic systems and the workings of the price system -- Inefficiency: The Pervasive economic problem -- Competitive markets and agriculture -- Market power: Does it help or hurt the economy? -- Air pollution: Balancing benefits and costs -- Medical care: Costs out of control? -- Crime and drugs: A Modern dilemma -- College education: Is it worth the cost -- Educational reform: The Role of incentives and choice -- Social security: Where are we? Where are we going? -- Poverty: Old and new approaches to a persistent problem -- Tracking the macroeconomy -- Unemployment: A Recurring problem -- Inflation: A Monetary phenomenon -- Deficits, surpluses, and debt: Past, present, and future -- The Global economy: Trade -- The Global economy: Finance. |
| 650 #0 - SUBJECT ADDED ENTRY--TOPICAL TERM | |
| Topical term or geographic name entry element | Economics. |
| 700 1# - ADDED ENTRY--PERSONAL NAME | |
| Personal name | Moomaw, Ronald L. |
| 700 1# - ADDED ENTRY--PERSONAL NAME | |
| Personal name | Olson, Kent W. |
| 906 ## - LOCAL DATA ELEMENT F, LDF (RLIN) | |
| a | 7 |
| b | cbc |
| c | orignew |
| d | 3 |
| e | epcn |
| f | 20 |
| g | y-gencatlg |
| 942 ## - ADDED ENTRY ELEMENTS (KOHA) | |
| Source of classification or shelving scheme | Library of Congress Classification |
| Koha item type | Books |
| Withdrawn status | Lost status | Source of classification or shelving scheme | Damaged status | Not for loan | Home library | Current library | Shelving location | Date acquired | Total Checkouts | Full call number | Barcode | Date last seen | Copy number | Price effective from | Koha item type |
|---|---|---|---|---|---|---|---|---|---|---|---|---|---|---|---|
| Library of Congress Classification | WISCONSIN INTERNATIONAL UNIVERSITY COLLEGE, GHANA - MAIN LIBRARY | WISCONSIN INTERNATIONAL UNIVERSITY COLLEGE, GHANA - MAIN LIBRARY | General Stacks | 11/11/2011 | HB171.5.E358 | 675/11 | 11/11/2011 | 1 | 11/11/2011 | Books | |||||
| Library of Congress Classification | WISCONSIN INTERNATIONAL UNIVERSITY COLLEGE, GHANA - MAIN LIBRARY | WISCONSIN INTERNATIONAL UNIVERSITY COLLEGE, GHANA - MAIN LIBRARY | General Stacks | 11/11/2011 | HB171.5.E3581 | 677/11 | 11/11/2011 | 2 | 11/11/2011 | Books | |||||
| Library of Congress Classification | WISCONSIN INTERNATIONAL UNIVERSITY COLLEGE, GHANA - MAIN LIBRARY | WISCONSIN INTERNATIONAL UNIVERSITY COLLEGE, GHANA - MAIN LIBRARY | General Stacks | 15/11/2011 | HB171.5.E3582 | 676/11 | 15/11/2011 | 3 | 15/11/2011 | Books |
